Geography Quiz

Random Geography or City Quiz

Top 25 Cities of Morocco on a Map Quiz Stats

 Plays Quiz Updated Jul 16, 2018

Score 0/25 Timer 10:00
3 Plays Today
% Correct
Casablanca
94.9%
Rabat
94.2%
Fès
89.4%
Marrakech
84.5%
Tanger
81.1%
Agadir
60.1%
Salé
58.6%
Meknès
57.5%
Safi
57.1%
Oujda
56%
Kénitra
47.4%
Tétouan
46.6%
Nador
46.4%
% Correct
Taza
40.8%
Settat
37%
El Jadida
32.6%
Mohammédia
32.1%
Témara
31.3%
Béni Mellal
27.8%
Khouribga
20.1%
Berrechid
16.1%
Inezgane
16%
Khémisset
15.2%
Aït Melloul
15.1%
Dar Bouazza
14.8%

You're not logged in!

Compare scores with friends on all Sporcle quizzes.
Join for Free
OR
Log In

You Might Also Like...

Show Comments

Extras

Top Quizzes Today


Score Distribution

Your Account Isn't Verified!

In order to create a playlist on Sporcle, you need to verify the email address you used during registration. Go to your Sporcle Settings to finish the process.

Report this User

Report this user for behavior that violates our Community Guidelines.

Details: